يا ليل يا عين : (رقم التسجيلة. 9732)
[ عرض عادي ]
| 000 -LEADER | |
|---|---|
| fixed length control field | 00630nam a22001817a 4500 |
| 005 - DATE AND TIME OF LATEST TRANSACTION | |
| control field | 20251108164334.0 |
| 008 - FIXED-LENGTH DATA ELEMENTS--GENERAL INFORMATION | |
| fixed length control field | 250721s1986 xx 000 0 ara d |
| 082 14 - DEWEY DECIMAL CLASSIFICATION NUMBER | |
| Classification number | 394.30962/يحي |
| 100 1# - MAIN ENTRY--PERSONAL NAME | |
| Personal name | حقي، يحيى |
| 245 10 - TITLE STATEMENT | |
| Title | يا ليل يا عين : |
| Remainder of title | سهراية مع الفنون الشعبية : مع مقالات السيرك و المولد / |
| 264 1# - PRODUCTION, PUBLICATION, DISTRIBUTION, MANUFACTURE, AND COPYRIGHT NOTICE | |
| Place of production, publication, distribution, manufacture | القاهرة : |
| Name of producer, publisher, distributor, manufacturer | الهيئة المصرية العامة للكتاب، |
| Date of production, publication, distribution, manufacture, or copyright notice | 1986. |
| 300 ## - PHYSICAL DESCRIPTION | |
| Extent | 128ص |
| 490 0# - SERIES STATEMENT | |
| Series statement | الكتابات النقدية ؛ 5 |
| 650 17 - SUBJECT ADDED ENTRY--TOPICAL TERM | |
| Topical term or geographic name as entry element | الفنون الشعبية |
| 650 17 - SUBJECT ADDED ENTRY--TOPICAL TERM | |
| Topical term or geographic name as entry element | مصر |
| 942 ## - ADDED ENTRY ELEMENTS (KOHA) | |
| Source of classification or shelving scheme | Dewey Decimal Classification |
| Koha item type | مراجع |
| حالة السحب | حالة الفقدان | مصدر التصنيف | حالة التلف | غير قابل للإعارة | المكتبة الرئيسية | المكتبة الحالية | موقع الرف | تاريخ التزويد | الرقم المتسلسل | Total Checkouts | رقم الإستدعاء | تاريخ آخر ظهور | تاريخ الفاتورة | نوع المادة (كوها) | الباركود |
|---|---|---|---|---|---|---|---|---|---|---|---|---|---|---|---|
| Dewey Decimal Classification | Unchecked | مكتبة الأميرة ايمان العامة | مكتبة الأميرة ايمان العامة | الإعارة | 12/07/2004 | 820 | 394.30962/يحي | 28/07/2025 | 12/07/2004 | مراجع | |||||
| Dewey Decimal Classification | Unchecked | مكتبة حمزة العامة | مكتبة حمزة العامة | الإعارة | 12/07/2004 | 2582 | 394.30962/يحي | 28/07/2025 | 12/07/2004 | مراجع | |||||
| Dewey Decimal Classification | Not For Loan | مكتبة حمزة العامة | مكتبة حمزة العامة | مراجع | 16/05/2015 | [2672]. | 394.30962/يحي | 28/07/2025 | 16/05/2015 | مراجع | PLD00324324 |